Postavenie Latinskej Ameriky vo svetovom hospodárstve diplomová práca

Na minha lista:
Detalhes bibliográficos
Autor principal: Filipoiu, Silvia
Autor Corporativo: Fakulta medzinárodných vzťahov EU. Katedra medzinárodných ekonomických vzťahov a hospodárskej diplomacie
Outros Autores: Csabay, Marek
Formato: Livro
Idioma:eslovaco
Publicado em: Bratislava 2008
Tags: Adicionar Tag
Sem tags, seja o primeiro a adicionar uma tag!

MARC

LEADER 00000nam$a2200000$$$4500
001 0075921
005 20240201120040.8
041 0 |a slo 
044 |a SK 
245 1 0 |a Postavenie Latinskej Ameriky vo svetovom hospodárstve  |b diplomová práca  |c Silvia Filipoiu ; škol. Marek Csabay 
264 1 |a Bratislava  |c 2008 
300 |a 69 s. 
100 1 |a Filipoiu, Silvia 
700 1 |a Csabay, Marek 
710 2 |a Fakulta medzinárodných vzťahov EU. Katedra medzinárodných ekonomických vzťahov a hospodárskej diplomacie